=LDR 00000nam 2200000 4500 =001 INLIS000000000010873 =005 20130612102500 =008 ***********************************Ind** =035 ##$$0010-061300000010873 =041 ##$$a Ind =082 ##$$a 537.1 =090 ##$$a 537.1, Kar a =100 ##$$a Kartadinata,R. Idris =245 ##$$a Apakah listrik, R.Idris kartadinata =260 ##$$a 1983 $b Bandung =300 ##$$a 152 halaman, ilus, 21 cm =650 ##$$a listrik =850 ##$$a NBPNMAT